000 00686nam a2200241Ia 4500
003 OSt
005 20220928123920.0
006 a|||||r|||| 00| 0
007 ta
008 220927b |||||||| |||| 00| 0 eng d
024 _a29854
037 _cTextual
040 _aSDCL
_cSDCL
_beng
041 _2eng
_aeng
082 _aX9.2'N8t4, M1
100 _aBhattacharya Sibnath
_9462215
245 0 _aIndustrial potential survey in developing economies
_bIts nature and problems
250 _a1
260 _aNew Delhi
_bMetropolitan
_c1981
300 _axv,221p
_ccm.
942 _hX9.2'N8t4, M1
_cTEXL
_2CC
999 _c775215
_d775215